|
|
|
|
| LEADER |
00000nam0a2200000 4500 |
| 001 |
33773 |
| 005 |
20231030220320.0 |
| 035 |
|
|
|a (RuTPU)RU\TPU\book\34143
|
| 035 |
|
|
|a BOOK00000794
|
| 090 |
|
|
|a 33773
|
| 100 |
|
|
|a 20011210d1982 m y0rusy50 ca
|
| 101 |
0 |
|
|a rus
|
| 102 |
|
|
|a RU
|
| 105 |
|
|
|a a j 000zy
|
| 200 |
1 |
|
|a Электротехнологические промышленные установки
|e учебное пособие
|f под ред. А. Д. Свенчанского
|
| 210 |
|
|
|a Москва
|c Энергоиздат
|d 1982
|
| 215 |
|
|
|a 400 с.
|c ил.
|
| 610 |
1 |
|
|a электротехника
|
| 610 |
1 |
|
|a промышленные установки
|
| 610 |
1 |
|
|a промышленные устройства
|
| 610 |
1 |
|
|a электротехнологические установки
|
| 610 |
1 |
|
|a электрические установки
|
| 610 |
1 |
|
|a учебные пособия
|
| 675 |
|
|
|a 621.31(075.8)
|v 3
|
| 702 |
|
1 |
|a Свенчанский
|b А. Д.
|g Александр Данилович
|4 340
|
| 801 |
|
0 |
|a RU
|b 63413507
|c 20011210
|g PSBO
|
| 801 |
|
2 |
|a RU
|b 63413507
|c 20200714
|g PSBO
|
| 900 |
|
|
|a Электротехнологические промышленные установки
|a Электронные промышленные устройства
|
| 900 |
|
|
|a Электроснабжение промышленных предприятий
|
| 942 |
|
|
|c BK
|
| 952 |
|
|
|a 551300
|b 100400
|